000 00496nam a2200181Ia 4500
008 100920s9999 xx 000 0 und d
082 _b64621
_a891.43 थ 93
100 _aवाजपेयी अशोक.
245 _aसमास / दो.
260 _bकमलेश.
_c1993
300 _a214
_bसाधी
365 _b200
520 _aहिंदी.
630 _aसमास / दो.
650 _aहिंदी.
730 _aसमास / दो.
942 _cBOOK
999 _c707619
_d707616